000 00713nam a2200277Ia 4500
005 20260324143422.0
008 008 260324s9999 xx 000 0 eng d
020 _a9780429302237
037 _aEBOOK
040 _aCRL
040 _beng
040 _cCRL
041 _2eng
041 _aeng
084 _qCRL
100 _aWilliam M Leogrande; Louis W Goodman; Ken Sharpe; Johanna Mendelson Forman
_91215562
245 0 _aPolitical Parties And Democracy In Central America
260 _bTaylor and Francis
260 _c1992
365 _a
365 _b230
856 _uhttp://www.taylorfrancis.com/books/9780429302237
942 _cEBOOK
999 _c1820944
_d1820944